| 000 | 01576cam a22004215a 4500 | ||
|---|---|---|---|
| 001 | 11498404 | ||
| 005 | 20150823140311.0 | ||
| 008 | 980527c2008 pauax1 fr 0 1 a0eng | ||
| 010 |
_a 98643499 _z 85023671 _z 89013275 _z 93006034 _z 97012761 _z 2006026481 |
||
| 020 | _a9780781797078 | ||
| 020 | _a0781797071 | ||
| 022 | 0 | _a1520-4871 | |
| 035 | _a(OCoLC)ocm39182719 | ||
| 037 | _bLippincott-Raven Publishers, 227 East Washington Square, Philadelphia, PA 19106 | ||
| 040 |
_aDLC _beng _cDLC _dNSDP _dDLC _dOCoLC _dEG-ScBUE |
||
| 042 |
_alc _ansdp |
||
| 050 | 0 | 0 |
_aRC440 _b.B34 |
| 082 | 0 | 0 |
_a610.7368 _bREB |
| 100 | 1 | _aRebraca, Louise | |
| 222 | 0 | _aBasic concepts of psychiatric-mental health nursing | |
| 245 | 1 | 0 |
_aBasic concepts of psychiatric-mental health nursing / _cLouise Rebraca Shives. |
| 260 |
_aPhiladelphia : _bJ.B. Lippincott Co. _cc.2008 |
||
| 300 |
_a749 p: _bill. ; _c22 cm. |
||
| 362 | 1 | _aBegan in 1986. | |
| 500 | _aIndex: p. 715-749. | ||
| 500 | _aEditor: L.R. Shives. | ||
| 500 | _aVols. for 5th ed- have accompanying CD-ROM titled: Instructor's resource manual to accompany Shives' basic concepts of psychiatric-mental health nursing. | ||
| 500 | _aDescription based on: 3rd ed., copyrighted 1994. | ||
| 500 | _aLatest issue consulted: 4th ed., copyrighted 1989. | ||
| 590 | _aMohamed Hussein | ||
| 650 | 0 |
_aPsychiatric nursing _vPeriodicals. _2BUEsh |
|
| 651 | _2BUEsh | ||
| 653 |
_bNNUR _cAugust2015 |
||
| 700 | 1 |
_aShives, Louise Rebraca. _932509 |
|
| 942 |
_2ddc _cBB |
||
| 999 |
_c10881 _d10881 |
||